Decisiones cruciales en el proceso de planificación, ejecución y administración de programas de alfabetización y educación de adultos.

Uloženo v:
Podrobná bibliografie
Hlavní autor: Picón Espinoza, César (autor)
Médium: Kniha
Jazyk:španělština
Témata:
Tagy: Přidat tag
Žádné tagy, Buďte první, kdo vytvoří štítek k tomuto záznamu!

MARC

LEADER 00000cam^a2200000uu^4500
001 000469195
005 20250521000000.0
008 050901s1986^^^^^^^^^^^^rc^r^^000^0^spa^d
009 20260310124529.749
035 |a FCE 000011950 
035 |a FCE 009028 
037 |a Acervo ITESO - Biblioteca 
041 |a spa 
082 0 4 |a 374.01  |b 2/F 
100 |a Picón Espinoza, César  |e (autor) 
245 1 0 |a Decisiones cruciales en el proceso de planificación, ejecución y administración de programas de alfabetización y educación de adultos. 
264 |a México :  |b CREFAL : UNESCO,  |c 1986. 
300 |a 68 p. 
336 |a texto  |b txt  |2 rdacontenido 
337 |a sin mediación  |b n  |2 rdamedio 
338 |a volumen  |b nc  |2 rdasoporte 
649 |a XX 
650 |a Planificación de la educación 
650 |a Teoría 
650 |a Alfabetización 
650 |a Educación de adultos 
650 |a Programa de alfabetización 
650 |a Estrategias de la educación 
650 |a Administración del programa 
910 |a Fondo Centro de Estudios Educativos 
920 |a Impresos - Libros 
930 |a Fondos Especiales 
905 |a 133 
901 |a ALE009028  |b IT2  |c CEE  |u 20250521 
901 |a ALE043559  |b IT2  |c CEE  |u 20250521 
901 |a ALE043560  |b IT2  |c CEE  |u 20250521 
901 |a ALE043561  |b IT2  |c CEE  |u 20250521 
902 |a https://opac.biblio.iteso.mx/vufind/Record/000469195